|
|
|
|
| LEADER |
00623nam a22002051a 4500 |
| 020 |
|
|
|a 9788178355436
|c 0.00
|
| 040 |
|
|
|a SSUS - Library - Kalady
|
| 082 |
|
|
|a 306.8
|b MOH/W
|
| 100 |
|
|
|a Mohinder Singh
|
| 245 |
|
|
|a Woman and child
|h [Text]
|
| 260 |
|
|
|a Delhi
|b Kalpaz
|c 2007
|
| 300 |
|
|
|a 331p.
|
| 600 |
|
|
|a Family Life
|
| 600 |
|
|
|a Feminism
|
| 600 |
|
|
|a Marriage and Family
|
| 600 |
|
|
|a Women Studies
|
| 852 |
|
|
|h 306.8
|i MOH/W
|p 055154
|9 690.00
|t 0
|
| 942 |
|
|
|c BK
|
| 999 |
|
|
|c 50957
|d 50957
|
| 952 |
|
|
|0 0
|1 0
|4 0
|6 306_800000000000000_MOH_W
|7 0
|9 74253
|a SSUS
|b SSUS
|d 2015-01-08
|g 690.00
|o 306.8 MOH/W
|p 055154
|r 2015-01-08
|v 0.00
|w 2015-01-08
|y BK
|